MARC
| LEADER | 00000 a a2200000 04500 | ||
|---|---|---|---|
| 001 | 37352 | ||
| 003 | cru CIDCACS/IIS | ||
| 005 | 20170818135612.0 | ||
| 008 | 170818b xxu||||| |||| 00| 0 spa d | ||
| 999 | |c 12582 |d 12582 | ||
| 020 | |a 99926-667-4-9 | ||
| 022 | |a 99926-667-4-9 | ||
| 040 | |c CIDCACS/IIS | ||
| 090 | |a 05.03.01 M385p | ||
| 100 | |a Martínez, Yesenia | ||
| 245 | |a Pobreza, seguridad social y desarrollo humano en Honduras / |c Yesenia Martínez | ||
| 260 | |a Tegucigalpa : |b PNUD | ||
| 300 | |a 17 páginas | ||
| 650 | |a POBREZA | ||
| 650 | |a SEGURIDAD SOCIAL | ||
| 650 | |a DESARROLLO HUMANO | ||
| 650 | |a HONDURAS | ||
| 942 | |2 ddc |c LI | ||



